000 00346 a2200157 4500
001 70358
020 _a9781409551416
040 _cAnchieta - Itaigara
100 _aUsborn publishing Ltd
240 1 0 _aLook and say
_lIng
245 1 0 _aLook and say
300 _a12
362 0 _a2012
650 4 _aLiteratura infantil em inglês
942 _cBK
999 _c70358
_d70358